Algunos efectos socioeducativos en México por la apresurada firma del TLC /
Guardado en:
| Autor principal: | |
|---|---|
| Formato: | Texto |
| Materias: | |
| Etiquetas: |
Agregar Etiqueta
Sin Etiquetas, Sea el primero en etiquetar este registro!
|
MARC
| LEADER | 00000 a a2200000 04500 | ||
|---|---|---|---|
| 001 | 45898 | ||
| 003 | |||
| 040 | |||
| 100 | |a Martínez Jiménez, Alejandro | ||
| 245 | |a Algunos efectos socioeducativos en México por la apresurada firma del TLC / |c Alejandro Martínez Jiménez | ||
| 650 | |a MEXICO | ||
| 773 | |g número71 (1994), páginas 12-15 | ||
| 999 | |c 28891 |d 28891 | ||
